00285nam a2200109Ia 4500008004100000100001800041245003000059260004000089650002200129942000700151999001700158190216s9999||||xx |||||||||||||| ||und|| aChandra Mohan 0aVeetinakathoru Poonthotam bKerala Shashthra Sahithya Parishath aKathakal Malayalm cBK c37823d37823